Wheel of Time Countries - Statistics

General Stats
  • This quiz has been taken 23 times
  • The average score is 11 of 21
Answer Stats
Answer % Correct
Andor
100%
Tear
88%
Illian
82%
Arad Doman
76%
Kandor
76%
Saldea
71%
Tar Valon
71%
Altara
65%
Tarabon
65%
Arafel
59%
Murandy
59%
Seanchan
59%
Ghealdan
53%
Aiel Waste
41%
Sheinar
41%
Far Madding
35%
Shara
18%
Sea Folk Islands
12%
Amadacia
6%
Carhein
6%
Mayne
6%
No matching quizzes found
Score Distribution
Percent of People with Each Score
Percentile by Number Answered
Your Score History
You have not taken this quiz